000 00570nam a2200157 i 4500
001 20848
003 ES-MaACL
005 20230906152356.0
007 t|
008 021119s1961 sp ||||1| spa d
100 1 _aAlamillo Salgado, Ildefonso.
_919101
245 1 0 _aMemoria elevada al Gobierno Nacional en la solemne apertura de los Tribunales el día 15 de septiembre de 1956 /
_cpor el fiscal del Tribunal Supremo Ildefonso Alamillo Salgado.
260 _aMadrid :
_bReus,
_c1961.
300 _a114 p. :
_b14 gráf. ;
_c25 cm.
852 _aES-MaACL
_jC-21256
_bR.49816
999 _c20848
_d20848